Parliamentary government in the British colonies / (Record no. 166362)

MARC details
000 -LEADER
campo de control de longitud fija 00604nam a2200169 i 4500
001 - NÚMERO DE CONTROL
campo de control 166362
003 - IDENTIFICADOR DE NÚMERO DE CONTROL
campo de control ES-MaACL
005 - FECHA Y HORA DE LA ÚLTIMA TRANSACCIÓN
campo de control 20230906213321.0
008 - DATOS DE LONGITUD FIJA--INFORMACIÓN GENERAL
campo de control de longitud fija 021001s1880 xxk |||| | eng d
040 ## - FUENTE DE CATALOGACIÓN
Centro catalogador/agencia de origen CCPB | B
Lengua de catalogación spa
Centro/agencia transcriptor CCPB | B
100 1# - ENTRADA PRINCIPAL--NOMBRE DE PERSONA
Nombre de persona Todd, Alpheus.
9 (RLIN) 133281
245 10 - MENCIÓN DEL TÍTULO
Título Parliamentary government in the British colonies /
Mención de responsabilidad, etc. by Alpheus Todd.
260 ## - PUBLICACIÓN, DISTRIBUCIÓN, ETC.
Lugar de publicación, distribución, etc. London :
Nombre del editor, distribuidor, etc. Little, Brown, and Company ;
Lugar de publicación, distribución, etc. Cambridge :
Nombre del editor, distribuidor, etc. University Press,
Fecha de publicación, distribución, etc. 1880 (
Fabricante John Wilson and Son)
300 ## - DESCRIPCIÓN FÍSICA
Extensión XII, 607 p. ;
Dimensiones 23 cm.
651 #4 - PUNTO DE ACCESO ADICIONAL DE MATERIA--NOMBRE GEOGRÁFICO
Nombre geográfico Gran Bretaña-
Subdivisión general Colonias.
9 (RLIN) 137194
852 ## - LOCALIZACIÓN
Ubicación ES-MaACL
Número de control de estantería G-11738
Nota libre - Enc. tela
Holdings
Estatus retirado Estado de pérdida Estado de daño No para préstamo Colección Biblioteca de origen Biblioteca actual Ubicación en estantería Fecha de adquisición Fuente de adquisición Total de préstamos Signatura topográfica completa Código de barras Visto por última vez Precio de reemplazo Tipo de ítem Koha
        Libros del s. XIX Biblioteca del Ateneo de Madrid Biblioteca del Ateneo de Madrid Sala Pecera Planta 3 17/01/2008     G-11738 1174471 23/02/2023 23/02/2023 Libro impreso antiguo